| 000 | 00735naa a2200205 i 4500 | ||
|---|---|---|---|
| 001 | 48513 | ||
| 003 | ES-MaBCM | ||
| 005 | 20241016105058.0 | ||
| 008 | 970917s1997 fra 000 0 fre d | ||
| 021 | _axx | ||
| 035 | _a(OCoLC)1365156696 | ||
| 040 | _cES-MaBCM | ||
| 041 | 0 | _afre | |
| 043 | _afra | ||
| 100 | 1 |
_aDelmas Saint-Hilaire, Jean Pierre _912213 |
|
| 245 | 1 | 0 |
_aLa definition juridique de la complicitĂ© de crime contre l'humanitĂ© au lendemain de l'arrĂȘt de la chambre criminelle du 23 janvier 1997 (affaire Maurice Papon) _cJean Pierre Delmas Saint-Hilaire |
| 650 | 2 | 7 |
_aCrimen contra la humanidad _958187 |
| 773 | 0 |
_aEn: _tRecueil Dalloz _dParis : 1997 _w105307 _gn. 30, sept., p. 249-254. - Loc. S.334 |
|
| 942 | _cAREV | ||
| 999 |
_c48513 _d48513 |
||